Personnages bibliques de A à Z (difficile) - Statistiques

Statistiques générales
  • Ce quiz a été pris 60 fois
  • Le résultat moyen est 7 sur 23
Statistiques - réponses
% Correct
H Roi de Judée responsable du massacre des innocents Hérode
77%
E Frère jumeau de Jacob, roux et poilu Esaü
72%
D Philistine épouse de Samson Dalila
70%
N Prophète qui confronte David sur son adultère avec Bethsabée Nathan
53%
J Méchante reine d'Israël qui priait Baâl Jézabel
45%
Z Percepteur d'impôts perché sur son arbre Zachée
43%
P Apôtre de Jésus qui baptise l'eunuque éthiopien Philippe
40%
U Premier mari de Bethsabée, mort à la guerre sur ordre de David Urie le Hittite
38%
L Frère de Rebecca, père de Léa et Rachel, beau-père de Jacob Laban
34%
O Prophète qui a épousé une prostituée et une femme adultère Osée
32%
G Juge qui a renvoyé la moitié de son armée Gédéon
26%
A Femme puis veuve de Nabal, bonne et sage, épouse David Abigail
21%
F Sauve Moïse des eaux : la... fille de Pharaon
21%
C Roi de Perse qui a laissé les Juifs rentrer à Jérusalem Cyrus
17%
B Prophète moabite, sauvé par son ânesse, prophétisant pour Israël Balaam
15%
V Femme répudiée d'Assuérus, avant Esther Vashti
15%
K Fille de Job (citez l'une des deux dont le prénom commence par K) Ketsia | Kéren-Happuc
13%
R Fils aîné de Salomon et héritier de celui-ci Roboam
13%
Y Femme qui tue S (son prénom est parfois orthographié avec un J) Yaël
13%
I Fils de Saül, roi d'Israël et rival du roi David Ish-Boshet
4%
S Général ennemi tué par Y, avec l'appui de la juge Déborah Sisera
4%
M Fils de Jonathan, petit-fils de Saül, handicapé des deux jambes Mephiboscheth
2%
T Aveugle soigné par du fiel de poisson, sur conseil de l'ange Raphaël Tobith
2%
Aucun quiz correspondant
Distribution des résultats
% des personnes avec chaque résultat
Percentile par nombre de réponses
Votre historique - résultats
Vous n’avez pas pris ce quiz